| 000 | 00705nam a2200217 a 4500 | ||
|---|---|---|---|
| 001 | 2016857 | ||
| 003 | AM-YeHGA | ||
| 005 | 20250908095156.0 | ||
| 008 | 250430s1955 le a|||jr|||||00||1|arm|d | ||
| 040 |
_aAM-YeHGA _cAM-YeHGA |
||
| 041 | 1 | _aarm | |
| 100 | 1 | _aՀոմերոս | |
| 245 | 1 | 0 |
_aԻլիական / _cՀոմերոս ; Թարգմ.՝ Մ.Հ. |
| 260 |
_aՊէյրութ : _bՀամազգային ընկ. հրատ., _c1955. |
||
| 300 | _aգիրք | ||
| 440 | 0 | _aՄանկա-պատանեկան մատենաշար : 23 | |
| 505 | 1 | 0 | _gԳ. Գ (60 էջ ; նկ.) |
| 650 | 1 | 4 |
_aՀունական անտիկ գրականություն _xՎիպերգ |
| 700 | 0 |
_aՄ.Հ. _eթարգմ. _4trl |
|
| 942 |
_2udc _cBK |
||
| 999 |
_c534566 _d534566 |
||